000 00497nam a2200193Ia 4500
005 20240823042041.0
008 240823s9999||||xx |||||||||||||| ||und||
020 _a81-219-1140-0
041 _aENGLISH
082 _A621.3 P2
100 _aTheraja B L
245 2 _aA Text Book of Electrical Technology Volume III
250 _a1st
260 _c2002
_b"S Chand,New Delhi"
500 _aTRANSFERED
650 _aElectrical Technology
_bElectrical
700 _a Theraja A K
942 _cBK
999 _c206953
_d206953